[Event "Deutsche Ländermeisterschaft 2025"]
[Site "Oer-Erkenschwick GER"]
[Date "2025.10.03"]
[Round "5"]
[White "Nönnig, Jakob"]
[Black "Ensslinger, Colin"]
[Result "0-1"]
[Termination "normal"]
[Board "2.3"]
[WhiteElo "2129"]
[BlackElo "2095"]
[WhiteClock "00:01:23"]
[BlackClock "00:06:23"]
[WhiteTeam "Sachsen-Anhalt"]
[BlackTeam "Württemberg"]
[PlyCount "192"]
[WhiteFideId "16289447"]
[BlackFideId "16226011"]
[EventCountry "GER"]
[EventRounds "7"]
[EventType "team-swiss"]
[EventDate "2025.09.30"]

1. e4 {[%clk 01:30:58]} {[%emt 00:00:01]} e5 {[%clk 01:30:40]} {[%emt
00:00:21]} 2. Nf3 {[%clk 01:31:09]} {[%emt 00:00:19]} Nc6 {[%clk 01:31:04]}
{[%emt 00:00:06]} 3. Bc4 {[%clk 01:31:26]} {[%emt 00:00:13]} Nf6 {[%clk
01:30:59]} {[%emt 00:00:35]} 4. d4 {[%clk 01:31:48]} {[%emt 00:00:08]} exd4
{[%emt 00:00:52]} 5. e5 {[%clk 01:31:58]} d5 {[%clk 01:30:59]} {[%emt
00:00:28]} 6. Bb5 {[%clk 01:32:18]} {[%emt 00:00:09]} Nd7 {[%clk 01:30:53]}
{[%emt 00:00:37]} 7. O-O {[%clk 01:26:47]} {[%emt 00:06:10]} Be7 {[%clk
01:30:42]} {[%emt 00:00:43]} 8. Re1 {[%clk 01:04:07]} {[%emt 00:23:37]} O-O
{[%clk 01:29:33]} {[%emt 00:01:40]} 9. Bxc6 {[%clk 01:00:03]} {[%emt 00:04:39]}
bxc6 {[%clk 01:29:30]} {[%emt 00:00:33]} 10. Nxd4 {[%clk 01:00:29]} {[%emt
00:00:05]} Nb8 {[%clk 01:28:40]} {[%emt 00:01:20]} 11. f4 {[%clk 00:56:40]}
{[%emt 00:04:24]} c5 {[%clk 01:27:22]} {[%emt 00:01:50]} 12. Nf3 {[%clk
00:56:01]} {[%emt 00:01:12]} c6 {[%clk 01:21:59]} {[%emt 00:06:02]} 13. Be3
{[%clk 00:52:59]} {[%emt 00:03:37]} Qb6 {[%clk 01:17:50]} {[%emt 00:04:45]} 14.
b3 {[%clk 00:52:10]} {[%emt 00:01:20]} Bf5 {[%clk 01:14:27]} {[%emt 00:03:58]}
15. Nbd2 {[%clk 00:51:28]} {[%emt 00:01:13]} Na6 {[%clk 01:10:22]} {[%emt
00:04:34]} 16. a3 {[%clk 00:47:57]} {[%emt 00:04:03]} Nc7 {[%clk 00:58:26]}
{[%emt 00:12:28]} 17. Nf1 {[%clk 00:44:39]} {[%emt 00:03:50]} d4 {[%clk
00:54:57]} {[%emt 00:04:00]} 18. Bf2 {[%clk 00:43:52]} {[%emt 00:01:17]} f6
{[%clk 00:52:08]} {[%emt 00:03:20]} 19. Ng3 {[%clk 00:42:13]} {[%emt 00:02:10]}
Bg4 {[%clk 00:49:56]} {[%emt 00:02:42]} 20. Qd3 {[%clk 00:36:55]} {[%emt
00:05:51]} Nd5 {[%clk 00:47:01]} {[%emt 00:03:29]} 21. f5 {[%clk 00:32:05]}
{[%emt 00:05:24]} Bxf3 {[%clk 00:44:08]} {[%emt 00:03:24]} 22. Qxf3 {[%clk
00:30:41]} {[%emt 00:01:56]} fxe5 {[%clk 00:44:03]} {[%emt 00:00:36]} 23. Rxe5
{[%clk 00:30:18]} {[%emt 00:00:53]} Bf6 {[%clk 00:43:18]} {[%emt 00:01:15]} 24.
Re6 {[%clk 00:27:42]} {[%emt 00:03:05]} d3 {[%clk 00:39:21]} {[%emt 00:04:32]}
25. Rd1 {[%clk 00:27:26]} {[%emt 00:00:46]} dxc2 {[%clk 00:39:02]} {[%emt
00:00:49]} 26. Rc1 {[%clk 00:27:49]} {[%emt 00:00:08]} Bc3 {[%clk 00:29:06]}
{[%emt 00:10:27]} 27. Ne2 {[%clk 00:17:00]} {[%emt 00:11:25]} Qxb3 {[%clk
00:25:06]} {[%emt 00:04:30]} 28. Be1 {[%clk 00:11:46]} {[%emt 00:05:47]} Nf4
{[%clk 00:17:11]} {[%emt 00:08:24]} 29. Nxf4 {[%clk 00:06:39]} {[%emt
00:05:42]} Bd4+ {[%clk 00:12:44]} {[%emt 00:05:01]} 30. Bf2 {[%clk 00:06:29]}
{[%emt 00:00:41]} Qxf3 {[%clk 00:12:17]} {[%emt 00:00:58]} 31. gxf3 {[%clk
00:06:50]} {[%emt 00:00:09]} Rxf5 {[%clk 00:12:43]} {[%emt 00:00:03]} 32. Ne2
{[%clk 00:06:14]} {[%emt 00:01:07]} Rxf3 {[%clk 00:11:42]} {[%emt 00:01:31]}
33. Nxd4 {[%clk 00:02:09]} {[%emt 00:04:38]} cxd4 {[%clk 00:12:01]} {[%emt
00:00:10]} 34. Bxd4 {[%clk 00:02:35]} {[%emt 00:00:05]} Rd8 {[%clk 00:09:58]}
{[%emt 00:02:33]} 35. Re4 {[%clk 00:01:24]} {[%emt 00:01:42]} c5 {[%clk
00:08:08]} {[%emt 00:02:20]} 36. Be5 {[%clk 00:00:49]} {[%emt 00:01:05]} Rd1+
{[%clk 00:06:25]} {[%emt 00:02:13]} 37. Re1 {[%clk 00:01:00]} {[%emt 00:00:20]}
Rxe1+ {[%clk 00:06:46]} {[%emt 00:00:08]} 38. Rxe1 {[%clk 00:01:22]} {[%emt
00:00:08]} Re3 {[%clk 00:07:12]} {[%emt 00:00:05]} 39. Rc1 {[%clk 00:01:26]}
{[%emt 00:00:26]} Rxe5 {[%clk 00:07:26]} {[%emt 00:00:16]} 40. Rxc2 {[%clk
00:01:47]} {[%emt 00:00:08]} Kf7 {[%clk 00:07:33]} {[%emt 00:00:23]} 41. Rb2
{[%clk 00:02:02]} {[%emt 00:00:16]} Re7 {[%clk 00:06:30]} {[%emt 00:01:33]} 42.
Kf2 {[%clk 00:02:16]} {[%emt 00:00:16]} Ke6 {[%clk 00:06:45]} {[%emt 00:00:14]}
43. Ke3 {[%clk 00:02:37]} {[%emt 00:00:10]} Kd5+ {[%clk 00:07:09]} {[%emt
00:00:05]} 44. Kd3 {[%clk 00:02:51]} {[%emt 00:00:17]} Rf7 {[%clk 00:05:37]}
{[%emt 00:02:02]} 45. Ke3 {[%clk 00:02:34]} {[%emt 00:00:47]} Re7+ {[%clk
00:04:35]} {[%emt 00:01:32]} 46. Kd3 {[%clk 00:01:44]} {[%emt 00:01:19]} c4+
{[%emt 00:00:41]} 47. Kd2 {[%clk 00:01:52]} {[%emt 00:00:16]} Kd4 {[%clk
00:04:51]} {[%emt 00:00:07]} 48. Rb8 {[%clk 00:02:14]} {[%emt 00:00:09]} Rd7
{[%clk 00:02:43]} {[%emt 00:02:37]} 49. Kc2 {[%clk 00:29:23]} {[%emt 00:03:22]}
g6 {[%clk 00:22:13]} {[%emt 00:11:00]} 50. Rc8 {[%clk 00:28:30]} {[%emt
00:01:23]} Rf7 {[%clk 00:21:38]} {[%emt 00:01:05]} 51. Rd8+ {[%clk 00:28:05]}
{[%emt 00:00:55]} Kc5 {[%clk 00:20:47]} {[%emt 00:01:21]} 52. Rc8+ {[%clk
00:27:48]} {[%emt 00:00:48]} Kb5 {[%clk 00:20:22]} {[%emt 00:00:53]} 53. Rb8+
{[%clk 00:27:19]} {[%emt 00:01:00]} Ka6 {[%clk 00:20:33]} {[%emt 00:00:18]} 54.
Kc3 {[%clk 00:26:35]} {[%emt 00:01:15]} Rf3+ {[%clk 00:19:27]} {[%emt
00:01:36]} 55. Kxc4 {[%clk 00:26:29]} {[%emt 00:00:36]} Rxa3 {[%clk 00:19:40]}
{[%emt 00:00:16]} 56. Rb2 {[%clk 00:26:20]} {[%emt 00:00:39]} Ra5 {[%clk
00:19:50]} {[%emt 00:00:20]} 57. Rb3 {[%clk 00:25:07]} {[%emt 00:01:43]} Rh5
{[%clk 00:20:01]} {[%emt 00:00:19]} 58. h3 {[%clk 00:24:09]} {[%emt 00:01:29]}
Ka5 {[%clk 00:20:18]} {[%emt 00:00:11]} 59. Rb7 {[%clk 00:21:37]} {[%emt
00:03:02]} a6 {[%clk 00:19:44]} {[%emt 00:01:05]} 60. Rb3 {[%clk 00:21:39]}
{[%emt 00:00:29]} Rh4+ {[%clk 00:17:36]} {[%emt 00:02:38]} 61. Kc5 {[%clk
00:21:27]} {[%emt 00:00:42]} Ka4 {[%clk 00:17:57]} {[%emt 00:00:09]} 62. Rf3
{[%clk 00:20:51]} {[%emt 00:01:03]} a5 {[%clk 00:17:29]} {[%emt 00:01:00]} 63.
Re3 {[%clk 00:20:40]} {[%emt 00:00:41]} h6 {[%clk 00:17:03]} {[%emt 00:00:56]}
64. Rf3 {[%clk 00:19:12]} {[%emt 00:01:58]} g5 {[%clk 00:15:58]} {[%emt
00:01:35]} 65. Re3 {[%clk 00:18:16]} {[%emt 00:01:25]} h5 {[%clk 00:13:36]}
{[%emt 00:02:52]} 66. Rg3 {[%clk 00:17:07]} {[%emt 00:01:39]} Rb4 {[%clk
00:12:58]} {[%emt 00:01:07]} 67. Rg1 {[%clk 00:15:43]} {[%emt 00:01:55]} g4
{[%clk 00:04:28]} {[%emt 00:08:59]} 68. hxg4 {[%clk 00:09:51]} {[%emt
00:06:22]} Rxg4 {[%clk 00:04:47]} {[%emt 00:00:11]} 69. Rh1 {[%clk 00:09:56]}
{[%emt 00:00:26]} h4 {[%clk 00:03:17]} {[%emt 00:02:00]} 70. Rh3 {[%clk
00:09:33]} {[%emt 00:00:53]} Rb4 {[%clk 00:03:26]} {[%emt 00:00:21]} 71. Rf3
{[%clk 00:09:11]} {[%emt 00:00:53]} Rb5+ {[%clk 00:03:12]} {[%emt 00:00:43]}
72. Kc4 {[%clk 00:09:23]} {[%emt 00:00:18]} Rb4 {[%clk 00:03:42]} 73. Kc5
{[%clk 00:09:48]} {[%emt 00:00:05]} Re4 {[%clk 00:02:55]} {[%emt 00:01:17]} 74.
Rh3 {[%clk 00:09:31]} {[%emt 00:00:47]} Rg4 {[%clk 00:03:21]} {[%emt 00:00:04]}
75. Rf3 {[%clk 00:09:13]} {[%emt 00:00:49]} Rg5+ {[%clk 00:03:25]} {[%emt
00:00:26]} 76. Kc4 {[%clk 00:09:21]} {[%emt 00:00:22]} Rg3 {[%clk 00:03:47]}
{[%emt 00:00:07]} 77. Rf1 {[%clk 00:04:28]} {[%emt 00:05:23]} Rg4 {[%clk
00:03:59]} {[%emt 00:00:18]} 78. Kc3 {[%clk 00:04:44]} {[%emt 00:00:14]} h3
{[%clk 00:03:29]} {[%emt 00:01:00]} 79. Ra1+ {[%clk 00:02:34]} {[%emt
00:02:40]} Kb5 {[%clk 00:03:57]} {[%emt 00:00:02]} 80. Rb1+ {[%clk 00:02:04]}
{[%emt 00:01:00]} Kc5 {[%clk 00:04:24]} {[%emt 00:00:02]} 81. Ra1 {[%clk
00:02:14]} {[%emt 00:00:21]} a4 {[%clk 00:03:14]} {[%emt 00:01:40]} 82. Rh1
{[%clk 00:01:47]} {[%emt 00:00:56]} Rh4 {[%clk 00:02:41]} {[%emt 00:01:03]} 83.
Rh2 {[%clk 00:01:57]} {[%emt 00:00:21]} Kd5 {[%clk 00:03:06]} {[%emt 00:00:05]}
84. Kb2 {[%clk 00:01:30]} {[%emt 00:00:57]} Ke4 {[%clk 00:03:26]} {[%emt
00:00:11]} 85. Rc2 {[%clk 00:01:34]} {[%emt 00:00:26]} Rg4 {[%clk 00:02:28]}
{[%emt 00:01:28]} 86. Rc4+ {[%clk 00:01:20]} {[%emt 00:00:44]} Kf3 {[%clk
00:02:57]} 87. Rc3+ {[%clk 00:01:29]} {[%emt 00:00:21]} Kg2 {[%clk 00:03:23]}
{[%emt 00:00:03]} 88. Rc2 {[%clk 00:01:32]} {[%emt 00:00:28]} Kg3 {[%clk
00:03:51]} {[%emt 00:00:02]} 89. Rc3+ {[%clk 00:01:37]} {[%emt 00:00:25]} Kh4
{[%clk 00:04:15]} {[%emt 00:00:06]} 90. Rc8 {[%clk 00:01:04]} {[%emt 00:01:02]}
h2 {[%clk 00:04:38]} {[%emt 00:00:07]} 91. Ka2 {[%clk 00:01:08]} {[%emt
00:00:26]} Kg3 {[%clk 00:04:40]} {[%emt 00:00:29]} 92. Rc3+ {[%clk 00:01:10]}
{[%emt 00:00:28]} Kh4 {[%clk 00:05:09]} {[%emt 00:00:01]} 93. Rc8 {[%clk
00:01:35]} {[%emt 00:00:05]} Kh3 {[%clk 00:05:26]} {[%emt 00:00:12]} 94. Rc3+
{[%clk 00:01:12]} {[%emt 00:00:53]} Rg3 {[%clk 00:05:52]} {[%emt 00:00:04]} 95.
Rc8 {[%clk 00:00:56]} {[%emt 00:00:45]} h1=Q {[%clk 00:06:08]} {[%emt
00:00:14]} 96. Rc1 {[%clk 00:01:23]} {[%emt 00:00:03]} Qg2+ {[%clk 00:06:23]}
{[%emt 00:00:15]} 0-1

[Event "Deutsche Ländermeisterschaft 2025"]
[Site "Oer-Erkenschwick GER"]
[Date "2025.10.03"]
[Round "5"]
[White "Naumann, Lennart"]
[Black "Polzin, Gustav"]
[Result "0-1"]
[Termination "normal"]
[Board "2.4"]
[WhiteElo "1895"]
[BlackElo "2058"]
[WhiteClock "00:04:35"]
[BlackClock "00:38:50"]
[WhiteTeam "Württemberg"]
[BlackTeam "Sachsen-Anhalt"]
[PlyCount "106"]
[WhiteFideId "34644830"]
[BlackFideId "34603280"]
[EventCountry "GER"]
[EventRounds "7"]
[EventType "team-swiss"]
[EventDate "2025.09.30"]

1. e4 {[%clk 01:30:59]} {[%emt 00:58:05]} c6 {[%clk 01:30:52]} {[%emt
00:00:08]} 2. d4 {[%clk 01:31:24]} {[%emt 00:00:04]} d5 {[%clk 01:31:18]}
{[%emt 00:00:05]} 3. exd5 {[%clk 01:31:40]} {[%emt 00:00:14]} cxd5 {[%clk
01:31:43]} {[%emt 00:00:05]} 4. Nf3 {[%clk 01:31:55]} {[%emt 00:00:15]} Nc6
{[%clk 01:31:15]} {[%emt 00:00:59]} 5. Bb5 {[%clk 01:32:14]} {[%emt 00:00:10]}
Nf6 {[%clk 01:29:36]} {[%emt 00:02:09]} 6. Ne5 {[%clk 01:31:57]} {[%emt
00:00:46]} Bd7 {[%clk 01:29:54]} {[%emt 00:00:13]} 7. Nxd7 {[%clk 01:31:51]}
{[%emt 00:00:35]} Qxd7 {[%clk 01:30:19]} {[%emt 00:00:05]} 8. Bf4 {[%clk
01:31:43]} {[%emt 00:00:38]} a6 {[%clk 01:30:24]} {[%emt 00:00:26]} 9. Bxc6
{[%clk 01:31:25]} {[%emt 00:00:48]} Qxc6 {[%clk 01:30:00]} {[%emt 00:00:54]}
10. O-O {[%clk 01:31:30]} {[%emt 00:00:24]} e6 {[%clk 01:30:24]} {[%emt
00:00:07]} 11. Nd2 {[%clk 01:31:34]} {[%emt 00:00:25]} Be7 {[%clk 01:21:02]}
{[%emt 00:09:53]} 12. Nf3 {[%clk 01:31:27]} {[%emt 00:00:36]} b5 {[%clk
01:19:41]} {[%emt 00:01:52]} 13. Ne5 {[%clk 01:30:10]} {[%emt 00:01:47]} Qb7
{[%clk 01:19:59]} {[%emt 00:00:12]} 14. Re1 {[%clk 01:28:31]} {[%emt 00:02:08]}
h6 {[%clk 01:20:01]} {[%emt 00:00:29]} 15. Ng4 {[%clk 01:26:22]} {[%emt
00:02:36]} Nxg4 {[%clk 01:12:50]} {[%emt 00:07:45]} 16. Qxg4 {[%clk 01:26:21]}
{[%emt 00:00:30]} g5 {[%clk 01:12:35]} {[%emt 00:00:45]} 17. Be5 {[%clk
01:24:33]} {[%emt 00:02:16]} h5 {[%clk 01:12:49]} {[%emt 00:00:17]} 18. Qf3
{[%clk 01:13:52]} {[%emt 00:11:10]} Rh6 {[%clk 01:11:49]} {[%emt 00:01:32]} 19.
Re3 {[%clk 01:06:47]} {[%emt 00:07:33]} f6 {[%clk 01:03:52]} {[%emt 00:08:28]}
20. Bg3 {[%clk 01:06:02]} {[%emt 00:01:13]} f5 {[%clk 01:02:45]} {[%emt
00:01:39]} 21. Rae1 {[%clk 01:03:11]} {[%emt 00:03:19]} Kd7 {[%clk 01:00:08]}
{[%emt 00:03:09]} 22. Qe2 {[%clk 00:59:07]} {[%emt 00:04:33]} Qb6 {[%clk
00:57:51]} {[%emt 00:02:47]} 23. Be5 {[%clk 00:58:47]} {[%emt 00:00:48]} f4
{[%clk 00:48:59]} {[%emt 00:09:24]} 24. Rc3 {[%clk 00:55:36]} {[%emt 00:03:40]}
Ra7 {[%clk 00:49:09]} {[%emt 00:00:21]} 25. Qd3 {[%clk 00:52:52]} {[%emt
00:03:13]} b4 {[%clk 00:47:17]} {[%emt 00:02:23]} 26. Rb3 {[%clk 00:49:44]}
{[%emt 00:03:38]} Qb5 {[%clk 00:46:40]} {[%emt 00:01:07]} 27. f3 {[%clk
00:39:08]} {[%emt 00:11:06]} Qc4 {[%clk 00:39:16]} {[%emt 00:07:55]} 28. Bg7
{[%clk 00:36:52]} {[%emt 00:02:42]} Qxd3 {[%clk 00:39:41]} {[%emt 00:00:08]}
29. Rxd3 {[%clk 00:37:13]} {[%emt 00:00:09]} Rg6 {[%clk 00:40:07]} {[%emt
00:00:04]} 30. Be5 {[%clk 00:37:29]} {[%emt 00:00:13]} Ra8 {[%clk 00:38:53]}
{[%emt 00:01:44]} 31. h3 {[%clk 00:35:49]} {[%emt 00:02:09]} Rag8 {[%clk
00:37:45]} {[%emt 00:01:38]} 32. g4 {[%clk 00:35:09]} {[%emt 00:01:10]} fxg3
{[%clk 00:37:48]} {[%emt 00:00:29]} 33. Kg2 {[%clk 00:29:30]} {[%emt 00:06:07]}
g4 {[%clk 00:33:32]} {[%emt 00:04:47]} 34. fxg4 {[%clk 00:25:18]} {[%emt
00:04:41]} hxg4 {[%clk 00:33:51]} {[%emt 00:00:12]} 35. Rxg3 {[%clk 00:21:43]}
{[%emt 00:04:05]} Bh4 {[%clk 00:34:00]} {[%emt 00:00:20]} 36. Ree3 {[%clk
00:11:33]} {[%emt 00:10:38]} gxh3+ {[%clk 00:33:55]} {[%emt 00:00:39]} 37. Kxh3
{[%clk 00:11:44]} {[%emt 00:00:18]} Bxg3 {[%clk 00:34:21]} {[%emt 00:00:04]}
38. Bxg3 {[%clk 00:11:54]} {[%emt 00:00:20]} a5 {[%clk 00:34:16]} {[%emt
00:00:37]} 39. Kh2 {[%clk 00:10:46]} {[%emt 00:01:33]} Rc8 {[%clk 00:34:10]}
{[%emt 00:00:40]} 40. Re2 {[%clk 00:10:42]} {[%emt 00:00:34]} Rg4 {[%clk
00:34:18]} {[%emt 00:00:23]} 41. Be5 {[%clk 00:09:23]} {[%emt 00:01:48]} Rcg8
{[%clk 00:34:11]} {[%emt 00:00:37]} 42. Re3 {[%clk 00:05:00]} {[%emt 00:04:53]}
Rh4+ {[%clk 00:34:36]} {[%emt 00:00:07]} 43. Rh3 {[%clk 00:05:19]} {[%emt
00:00:07]} Rxh3+ {[%clk 00:35:01]} {[%emt 00:00:09]} 44. Kxh3 {[%clk 00:05:41]}
{[%emt 00:00:06]} Rc8 {[%clk 00:35:28]} {[%emt 00:00:05]} 45. Kh2 {[%clk
00:04:45]} {[%emt 00:01:26]} Rxc2+ {[%clk 00:35:53]} {[%emt 00:00:06]} 46. Kh1
{[%clk 00:05:04]} {[%emt 00:00:09]} Rxb2 {[%clk 00:36:18]} {[%emt 00:00:06]}
47. a3 {[%clk 00:05:05]} {[%emt 00:00:29]} bxa3 {[%clk 00:36:40]} {[%emt
00:00:07]} 48. Bh2 {[%clk 00:05:30]} {[%emt 00:00:05]} a2 {[%clk 00:36:57]}
{[%emt 00:00:15]} 49. Bg1 {[%clk 00:05:57]} {[%emt 00:00:03]} Rb1 {[%clk
00:37:14]} {[%emt 00:00:12]} 50. Kh2 {[%clk 00:05:29]} {[%emt 00:00:58]} a1=Q
{[%clk 00:37:33]} {[%emt 00:00:12]} 51. Kh3 {[%clk 00:05:51]} {[%emt 00:00:07]}
Rxg1 {[%clk 00:37:57]} {[%emt 00:00:06]} 52. Kh2 {[%clk 00:06:00]} {[%emt
00:00:19]} Rg8 {[%clk 00:38:23]} {[%emt 00:00:05]} 53. Kh3 {[%clk 00:04:35]}
{[%emt 00:01:55]} Qh1# {[%clk 00:38:50]} {[%emt 00:00:03]} 0-1

[Event "Deutsche Ländermeisterschaft 2025"]
[Site "Oer-Erkenschwick GER"]
[Date "2025.10.03"]
[Round "5"]
[White "Voigt, Anastasia"]
[Black "Moldovan, Stela"]
[Result "1-0"]
[Termination "normal"]
[Board "2.5"]
[WhiteElo "1894"]
[BlackElo "1841"]
[WhiteClock "01:01:01"]
[BlackClock "00:55:01"]
[WhiteTeam "Sachsen-Anhalt"]
[BlackTeam "Württemberg"]
[PlyCount "45"]
[WhiteFideId "16235223"]
[BlackFideId "16287380"]
[EventCountry "GER"]
[EventRounds "7"]
[EventType "team-swiss"]
[EventDate "2025.09.30"]

1. e4 {[%clk 01:30:58]} {[%emt 00:00:01]} c6 {[%clk 01:30:40]} {[%emt
00:00:21]} 2. d4 {[%clk 01:31:24]} {[%emt 00:00:04]} d5 {[%clk 01:31:05]}
{[%emt 00:00:05]} 3. Nc3 {[%clk 01:31:50]} {[%emt 00:00:04]} dxe4 {[%clk
01:31:10]} {[%emt 00:00:25]} 4. Nxe4 {[%clk 01:32:15]} {[%emt 00:00:05]} Bf5
{[%clk 01:31:24]} {[%emt 00:00:16]} 5. Ng3 {[%clk 01:32:40]} {[%emt 00:00:05]}
Bg6 {[%clk 01:31:45]} {[%emt 00:00:09]} 6. Nf3 {[%clk 01:33:04]} {[%emt
00:00:06]} Nd7 {[%clk 01:31:28]} {[%emt 00:00:46]} 7. Bd3 {[%clk 01:33:29]}
{[%emt 00:00:06]} Bxd3 {[%clk 01:30:30]} {[%emt 00:01:28]} 8. Qxd3 {[%clk
01:33:46]} {[%emt 00:00:12]} e6 {[%clk 01:29:21]} {[%emt 00:01:40]} 9. O-O
{[%clk 01:34:08]} {[%emt 00:00:07]} Bd6 {[%clk 01:28:41]} {[%emt 00:01:10]} 10.
Re1 {[%clk 01:32:56]} {[%emt 00:01:43]} Ngf6 {[%clk 01:28:30]} {[%emt
00:00:41]} 11. Nf5 {[%clk 01:31:41]} {[%emt 00:01:43]} Bf8 {[%clk 01:27:15]}
{[%emt 00:01:44]} 12. Bf4 {[%clk 01:30:09]} {[%emt 00:02:03]} Nd5 {[%clk
01:23:30]} {[%emt 00:04:15]} 13. Bd6 {[%clk 01:22:40]} {[%emt 00:07:59]} N7f6
{[%clk 01:17:30]} {[%emt 00:06:30]} 14. Qa3 {[%clk 01:18:00]} {[%emt 00:05:12]}
Bxd6 {[%clk 01:11:39]} {[%emt 00:06:23]} 15. Nxd6+ {[%clk 01:18:18]} {[%emt
00:00:11]} Kf8 {[%clk 01:11:29]} {[%emt 00:00:39]} 16. Ne5 {[%clk 01:11:51]}
{[%emt 00:06:56]} Qe7 {[%clk 01:06:18]} {[%emt 00:05:41]} 17. Nexf7 {[%clk
01:11:49]} {[%emt 00:00:33]} Rg8 {[%clk 01:05:30]} {[%emt 00:01:17]} 18. c4
{[%clk 01:05:00]} {[%emt 00:07:18]} Nb6 {[%clk 01:05:08]} {[%emt 00:00:54]} 19.
c5 {[%clk 01:02:45]} {[%emt 00:02:44]} Nbd5 {[%clk 01:02:23]} {[%emt 00:03:15]}
20. Qh3 {[%clk 01:00:51]} {[%emt 00:02:22]} Nc7 {[%clk 01:00:02]} {[%emt
00:02:53]} 21. Ng5 {[%clk 01:00:57]} {[%emt 00:00:22]} g6 {[%clk 00:58:25]}
{[%emt 00:02:08]} 22. Rxe6 {[%clk 01:00:38]} {[%emt 00:00:50]} Qg7 {[%clk
00:55:01]} {[%emt 00:03:53]} 23. Rxf6+ {[%clk 01:01:01]} {[%emt 00:00:08]} 1-0